00859nam a2200217 i 450000100060000000300090000600500170001500700030003200800410003510000370007624501700011325000120028326000480029530000370034365100320038070000350041270000360044785200210048399900170050495201200052189490ES-MaACL20230906180204.0t|050111s1933 sp ||||1| spa d1 aLanza Alvarez, Francisco.97012110aRibadeo antiguo b: (noticias y documentos) / Francisco Lanza Álvarez ; prólogo de Antonio Villar Ponte ; ornamentación en boj. y dibujos de A. Suárez Conto. a1ª ed. aMadrid : b[s.n.], c1933 (fImp. Mercurio) aXI, 288 p., 11 lám. ; c22 cm. 4aRibadeo-xHistoria.91576501 aVillar Ponte, Antonio.91151001 aSuárez Couto, Amando.9148187 aES-MaACLjA-1787 c89490d89490 00104070aATENEOMbATENEOMcSPP1d2008-01-17eSCl0oA-1787p1093461r2023-02-23 00:00:00w2023-02-23yMONOGRAFIA